000 00544nam a2200193Ia 4500
005 20250923145139.0
008 008 250917s9999 xx 000 0 eng d
037 _aTextual
040 _aDSWL
_beng
_cDSWL
041 _aeng
_2eng
084 _aYX,ZBxM96, N69
_qDSWL
245 0 _aHelping
_cEd.by Helen Harris Periman
260 _aChicago
_bUniversity of Chicago Press
_c1969
300 _axxxii,1144p.
365 _aUSD
_b11.5
925 _g11.5
942 _cTEXL
_hYX,ZBxM96, N69
999 _c1447728
_d1447728